[Event "QA-ANNIV-05"]
[Site "http://www.queenalice.com/game.php?id=758966"]
[Date "2010.4.10"]
[Round "4"]
[White "Bobtzu"]
[Black "Ernani"]
[Result "0-1"]
[WhiteElo "2074"]
[BlackElo "1940"]

1. e4 d5 2. exd5 Qxd5 3. d4 c6 4. c4 Qa5+ 5. Bd2 Qc7 6. Nc3 Nf6 7. Bd3 Bg4 8.
Nf3 e6 9. h3 Bxf3 10. Qxf3 Nbd7 11. O-O O-O-O 12. b4 Be7 13. b5 Rdg8 14. a4 g5
15. a5 h5 16. bxc6 bxc6 17. d5 g4 18. hxg4 hxg4 19. Qg3 Qxg3 20. fxg3 Bc5+ 21.
Rf2 Rh1+ 22. Kxh1 Bxf2 0-1

[Event "Remember"]
[Site "http://www.queenalice.com/game.php?id=779511"]
[Date "2010.5.23"]
[Round "-"]
[White "Ernani"]
[Black "marcosweck"]
[Result "1-0"]
[WhiteElo "1974"]
[BlackElo "1962"]

1. e4 c5 2. Nf3 Nc6 3. d4 cxd4 4. Nxd4 d6 5. Nc3 g6 6. Bb5 Bd7 7. Be3 Bg7 8. f3
a6 9. Ba4 Qb6 10. Nce2 Qxb2 11. c3 Qa3 12. O-O b5 13. Bb3 Na5 14. Nc2 Nc4 15.
Nxa3 Nxe3 16. Qd3 Nxf1 17. Qd5 Rd8 18. Qxf7# 1-0

[Event "Challenge"]
[Site "http://www.queenalice.com/game.php?id=780133"]
[Date "2010.5.24"]
[Round "-"]
[White "marcosweck"]
[Black "Ernani"]
[Result "0-1"]
[WhiteElo "1975"]
[BlackElo "1990"]

1. Nf3 d5 2. c4 c6 3. g3 Bg4 4. Bg2 Bxf3 5. Bxf3 e6 6. cxd5 exd5 7. Qb3 Qc7 8.
O-O Bd6 9. d4 Nf6 10. Nc3 Nbd7 11. Re1 O-O-O 12. a4 Rdg8 13. Bd2 g5 14. e4 dxe4
15. Nxe4 Nxe4 16. Bxe4 h5 17. Qxf7 h4 18. Re3 Rf8 19. Qc4 Nf6 20. Bf3 hxg3 21.
fxg3 Bxg3 22. Qe6+ Kb8 23. h3 Bf2+ 24. Kxf2 Qh2+ 25. Bg2 Ng4+ 26. Ke2 Nxe3 27.
Bxe3 Qxg2+ 28. Kd3 Qxh3 29. Qe5+ Kc8 30. Kc4 Re8 31. Qxg5 Qxe3 32. Qxe3 Rxe3 0-1

[Event "QA-ANNIV-05"]
[Site "http://www.queenalice.com/game.php?id=793737"]
[Date "2010.6.23"]
[Round "5"]
[White "Alexmonteiro"]
[Black "Ernani"]
[Result "1-0"]
[WhiteElo "1905"]
[BlackElo "2005"]

1. d4 d5 2. c4 c6 3. Nf3 Bg4 4. Ne5 Nf6 5. Nxg4 Nxg4 6. e4 h5 7. cxd5 cxd5 8. e5
e6 9. Nc3 Bb4 10. Qa4+ Nc6 11. Bb5 Rc8 12. Bxc6+ Rxc6 13. Qxb4 Rb6 14. Qa4+ Rc6
15. Qd1 Qa5 16. Bd2 Qb6 17. Bc1 Rc4 18. Ne2 Qb4+ 19. Qd2 Qe7 20. b3 Rc6 21. Bb2
O-O 22. O-O Rfc8 23. Rac1 Rxc1 24. Rxc1 Rxc1+ 25. Qxc1 Qh4 26. Qf4 Qe7 27. Nc3
Nh6 28. h3 Nf5 29. g4 hxg4 30. hxg4 Nh6 31. Nb5 Qb4 32. Nd6 Qe1+ 33. Kg2 Qe2 34.
g5 Nf5 35. Nxf5 exf5 36. Bc1 g6 37. Bd2 Qa6 38. a4 Qb6 39. Qe3 Kf8 40. Qc3 Qa6
41. Qc5+ Kg7 42. Qb5 Qxb5 43. axb5 Kf8 44. Kf3 Ke8 45. Ke3 Kd7 46. Kd3 Kc7 47.
Kc3 b6 48. Bc1 Kb7 49. Ba3 Kc8 50. Bd6 Kb7 51. Kd3 Kc8 52. Ke3 1-0

[Event "QA-ANNIV-05"]
[Site "http://www.queenalice.com/game.php?id=841303"]
[Date "2010.10.3"]
[Round "6"]
[White "Ernani"]
[Black "sh_sla"]
[Result "1-0"]
[WhiteElo "1985"]
[BlackElo "1925"]

1. e4 e5 2. Nf3 d6 3. d4 exd4 4. Nxd4 c5 5. Nf3 Bg4 6. Nc3 f5 7. exf5 Bxf5 8.
Bb5+ Nc6 9. Bg5 Be7 10. Qe2 h6 11. Bxe7 Nxe7 12. Nd5 O-O 13. Nxe7+ Nxe7 14.
O-O-O a6 15. Bd3 b5 16. Bxf5 Rxf5 17. Qe6+ Rf7 18. Ne5 Qe8 19. Rxd6 Nf5 20.
Qxe8+ Rxe8 21. Nxf7 Kxf7 22. Rxa6 Nd4 23. c3 Ne2+ 24. Kd2 Nf4 25. Re1 Rd8+ 26.
Kc2 Nxg2 27. Ra7+ Kg8 28. Rg1 Nf4 29. Rgxg7+ Kh8 30. Rh7+ Kg8 31. Rxh6 Re8 32.
Rb6 c4 33. Rxb5 Nd3 34. Kd2 Nxf2 35. Rba5 Ne4+ 36. Kc2 Rd8 37. Ra8 Rxa8 38.
Rxa8+ Kf7 39. Rc8 Nd6 40. Rc6 Nf5 41. Rxc4 Ne3+ 42. Kd3 Nxc4 43. Kxc4 Kf6 44.
Kc5 Kf5 45. b4 1-0

[Event "AUTO-ADV-1623"]
[Site "http://www.queenalice.com/game.php?id=896817"]
[Date "2011.2.6"]
[Round "2"]
[White "Ernani"]
[Black "shmurtz91"]
[Result "1/2-1/2"]
[WhiteElo "1938"]
[BlackElo "1998"]

1. e4 e5 2. Nf3 Nc6 3. d4 d5 4. exd5 Qxd5 5. Nc3 Qe6 6. dxe5 Nxe5 7. Nxe5 Qxe5+
8. Qe2 Qxe2+ 9. Bxe2 Be7 10. Nb5 Bd8 11. Bf4 Nf6 12. Bxc7 O-O 13. O-O Be7 14.
Bd6 Bxd6 15. Nxd6 Be6 16. Nxb7 Rab8 17. Nc5 Rxb2 18. Nxe6 fxe6 19. Bd3 Ng4 20.
h3 Ne5 21. Be4 Rb4 22. f3 Nc4 23. Rfd1 Rb6 24. Rab1 Ra6 25. Bd3 Rc6 26. Bxc4
Rxc4 27. Rb2 h6 28. Rd6 Rf6 29. Rd7 a6 30. Ra7 e5 31. Rd7 Rcc6 32. a4 Rg6 33.
Rd5 Rge6 34. Kf2 e4 35. fxe4 Rxe4 36. a5 Rf6+ 37. Kg3 Re2 38. Rd4 Rff2 39. Rg4
Rxg2+ 40. Kh4 Rgf2 41. Rb8+ Rf8 42. Rxf8+ Kxf8 43. Rg6 Rxc2 44. Rxa6 Rc5 45.
Ra8+ Kf7 46. a6 Ra5 47. a7 Kg6 48. Kg4 Ra4+ 49. Kg3 Kg5 50. h4+ Kg6 51. Kh3 Kh7
52. Kg3 g6 53. Kh3 Ra3+ 54. Kg4 Ra4+ 55. Kg3 g5 56. hxg5 hxg5 57. Kh3 Kg7
1/2-1/2

[Event "AUTO-ADV-1623"]
[Site "http://www.queenalice.com/game.php?id=896818"]
[Date "2011.2.6"]
[Round "2"]
[White "shmurtz91"]
[Black "Ernani"]
[Result "1-0"]
[WhiteElo "1954"]
[BlackElo "1954"]

1. c4 d5 2. cxd5 Qxd5 3. Nc3 Qa5 4. d3 c6 5. e4 Nf6 6. Nf3 Bg4 7. Be2 e6 8. Bd2
Nbd7 9. d4 e5 10. Nd5 Qd8 11. Nxf6+ Qxf6 12. Bc3 Bxf3 13. Bxf3 O-O-O 14. Qa4 Kb8
15. d5 Nc5 16. Qc4 Qd6 17. Rd1 g6 18. O-O Bg7 19. b4 Na4 20. Rfe1 Nxc3 21. Qxc3
h5 22. Qe3 Qxb4 23. Rb1 Qd6 24. Red1 cxd5 25. Rxd5 Qe6 26. a4 Rxd5 27. exd5 Qd6
28. Qb3 b6 29. a5 f5 30. axb6 Qxb6 31. Qc2 1-0

[Event "Vai uma ???"]
[Site "http://www.queenalice.com/game.php?id=927976"]
[Date "2011.4.20"]
[Round "-"]
[White "frankcasadio"]
[Black "Ernani"]
[Result "1/2-1/2"]
[WhiteElo "1965"]
[BlackElo "1940"]

1. e4 d5 2. exd5 Qxd5 3. Nc3 Qa5 4. Bb5+ c6 5. Ba4 Nf6 6. Bb3 Bg4 7. Nf3 e6 8.
Qe2 Nbd7 9. a3 Bd6 10. Ne4 Nxe4 11. Qxe4 Nf6 12. Qd4 O-O-O 13. Qc3 Qxc3 14. dxc3
Bxf3 15. gxf3 Nd5 16. Be3 h5 17. Bxd5 exd5 18. O-O-O Rhe8 19. Bxa7 Kc7 20. Bd4
g5 21. Bf6 Be7 22. Be5+ Bd6 23. Bxd6+ Rxd6 24. Rhg1 Rg6 25. Rde1 Rxe1+ 26. Rxe1
Kd7 27. b3 Rf6 28. Re3 Rf4 29. a4 Kd6 30. Kd2 Rh4 31. Ke2 Rxh2 32. Kf1 Rh1+ 33.
Kg2 Rh4 34. Re8 Rf4 35. a5 Kd7 36. Rh8 h4 37. Rg8 Rf5 38. Ra8 Kc7 39. Re8 Kd7
40. Re3 Kd6 41. Re1 c5 42. Rd1 Kc6 43. Ra1 Kb5 44. Ra4 Rf6 45. f4 gxf4 46. Kh3
c4 47. Rb4+ Ka6 48. bxc4 dxc4 49. Rxc4 Kxa5 50. Kxh4 Kb5 51. Rb4+ Kc6 52. Kg5
Re6 53. Kxf4 Re2 54. Kf3 Rxc2 55. c4 f5 56. Ke3 b6 57. f4 Rc3+ 58. Kd4 Rc1 59.
Ke5 Kc5 60. Rb5+ Kc6 61. Kxf5 Rxc4 62. Rb1 b5 63. Ke5 b4 64. f5 Kb5 65. f6 Ka4
66. f7 Rc8 67. Kf6 Ka3 68. Kg7 b3 69. f8=Q+ Rxf8 70. Kxf8 Ka2 71. Rxb3 Kxb3 72.
Ke7 1/2-1/2

[Event "Eli"]
[Site "http://www.queenalice.com/game.php?id=938711"]
[Date "2011.5.16"]
[Round "-"]
[White "Ernani"]
[Black "elidionisio10"]
[Result "1-0"]
[WhiteElo "1941"]
[BlackElo "1957"]

1. e4 e5 2. Nf3 Nc6 3. d4 d6 4. dxe5 dxe5 5. Qxd8+ Kxd8 6. Bb5 Nge7 7. Nc3 Bd7
8. Bxc6 Nxc6 9. Be3 Bb4 10. Bd2 f6 11. O-O-O Be6 12. Be3+ Ke7 13. Nd5+ Kf7 14.
Nxc7 Rac8 15. Nxe6 Kxe6 16. Rd3 Bd6 17. Rhd1 1-0

[Event "AUTO-ADV-2378"]
[Site "http://www.queenalice.com/game.php?id=1020353"]
[Date "2012.1.30"]
[Round "1"]
[White "Ernani"]
[Black "proppwilson"]
[Result "1-0"]
[WhiteElo "1989"]
[BlackElo "1823"]

1. e4 c5 2. Nf3 Nc6 3. d4 cxd4 4. Nxd4 e5 5. Nxc6 bxc6 6. b3 Nf6 7. f3 Bb4+ 8.
Bd2 Bxd2+ 9. Qxd2 O-O 10. Nc3 d5 11. O-O-O Be6 12. g4 d4 13. Na4 Qd6 14. Kb1
Rfb8 15. h4 1-0

[Event "AUTO-ADV-2378"]
[Site "http://www.queenalice.com/game.php?id=1020354"]
[Date "2012.1.30"]
[Round "1"]
[White "proppwilson"]
[Black "Ernani"]
[Result "0-1"]
[WhiteElo "1833"]
[BlackElo "1979"]

1. d4 d5 2. c4 c6 3. Nf3 Nf6 4. Nc3 Bg4 5. Ne5 Bh5 6. g3 Nbd7 7. cxd5 Nxe5 8.
dxe5 Nxd5 9. Nxd5 cxd5 10. Bg2 e6 11. Qa4+ Qd7 12. Qxd7+ Kxd7 13. e4 d4 14. h4
Bb4+ 0-1

[Event "AUTO-ADV-2378"]
[Site "http://www.queenalice.com/game.php?id=1020355"]
[Date "2012.1.30"]
[Round "1"]
[White "Ernani"]
[Black "aleove"]
[Result "1/2-1/2"]
[WhiteElo "2013"]
[BlackElo "1951"]

1. e4 c5 2. Nf3 Nc6 3. d4 cxd4 4. Nxd4 Nf6 5. Nc3 d6 6. Bg5 e6 7. Nxc6 bxc6 8.
e5 dxe5 9. Qxd8+ Kxd8 10. O-O-O+ Ke8 11. Bxf6 gxf6 12. Ne4 Be7 13. g3 Kf8 14.
Bg2 Kg7 15. Nd6 Rd8 16. Bxc6 Rb8 17. Nxc8 Rbxc8 18. Rxd8 Rxd8 19. f3 f5 20. Rd1
h5 21. Rxd8 Bxd8 22. Kd2 f4 23. c4 fxg3 24. hxg3 h4 25. gxh4 Bxh4 26. Ke3 f5 27.
b4 Bd8 28. a4 Kf6 29. a5 Be7 30. c5 Bd8 31. Kd3 Bc7 32. Kc4 Kg5 33. Bd7 e4 34.
fxe4 fxe4 35. Bxe6 e3 36. Kd3 Kf4 37. Ke2 Ke4 38. a6 Kd4 39. Bf7 Bb8 40. Be6 Bc7
41. Bf7 Bb8 42. Bg8 Bc7 43. Bf7 Bb8 1/2-1/2

[Event "AUTO-ADV-2378"]
[Site "http://www.queenalice.com/game.php?id=1020356"]
[Date "2012.1.30"]
[Round "1"]
[White "aleove"]
[Black "Ernani"]
[Result "0-1"]
[WhiteElo "1983"]
[BlackElo "1998"]

1. d4 d5 2. c4 c6 3. Nc3 Nf6 4. Nf3 Bg4 5. Ne5 Bh5 6. g3 e6 7. Bg2 Nbd7 8. Nxd7
Qxd7 9. cxd5 Nxd5 10. O-O Bd6 11. a3 O-O-O 12. Qc2 Kb8 13. Nxd5 exd5 14. b4 Bg4
15. Re1 h5 16. e4 dxe4 17. Bxe4 h4 18. Rf1 Qc7 19. Qb3 f5 20. Bh1 f4 21. b5 fxg3
22. fxg3 hxg3 23. hxg3 Bxg3 24. Bf3 Bh2+ 25. Kf2 Bxf3 26. Kxf3 Rh3+ 0-1

[Event "AUTO-ADV-2378"]
[Site "http://www.queenalice.com/game.php?id=1020357"]
[Date "2012.1.30"]
[Round "1"]
[White "Ernani"]
[Black "gipmachado"]
[Result "1-0"]
[WhiteElo "1958"]
[BlackElo "1823"]

1. e4 Nf6 2. Nc3 d5 3. e5 Ne4 4. Nxe4 dxe4 5. Qe2 Qd4 6. c3 Qxe5 7. Nf3 Qd6 8.
Qxe4 Nc6 9. Bb5 Bd7 10. d4 e6 11. Bf4 Qd5 12. Qxd5 exd5 13. Bxc7 Be7 14. O-O O-O
15. Rfe1 Bf6 16. Re3 Rfe8 17. Rae1 a6 18. Ba4 Rxe3 19. Rxe3 Re8 20. Rxe8+ Bxe8
21. Bb3 Ne7 22. Bd8 Bc6 23. Bxe7 Bxe7 24. Ne5 f6 25. Nd3 b6 26. Nf4 1-0

[Event "AUTO-ADV-2378"]
[Site "http://www.queenalice.com/game.php?id=1020358"]
[Date "2012.1.30"]
[Round "1"]
[White "gipmachado"]
[Black "Ernani"]
[Result "0-1"]
[WhiteElo "1812"]
[BlackElo "1969"]

1. e4 d5 2. exd5 Qxd5 3. Nc3 Qa5 4. d4 c6 5. Nf3 Bg4 6. Be2 e6 7. O-O Nd7 8. Bf4
Ngf6 9. h3 Bh5 10. Re1 O-O-O 11. a3 g5 12. Nxg5 Bg6 13. b4 Qf5 14. Be3 Nd5 15.
Nxd5 exd5 16. Bd3 Qf6 17. Nf3 Bd6 18. Bg5 Qg7 19. Bxd8 Kxd8 20. b5 Rg8 21. bxc6
bxc6 22. c4 Bxd3 23. Qxd3 Qxg2# 0-1

[Event "AUTO-ADV-2378"]
[Site "http://www.queenalice.com/game.php?id=1076727"]
[Date "2012.6.26"]
[Round "2"]
[White "MestreAylton"]
[Black "Ernani"]
[Result "1-0"]
[WhiteElo "2074"]
[BlackElo "1976"]

1. d4 d5 2. Nf3 Bg4 3. e3 Nf6 4. c4 c6 5. a3 e6 6. Nc3 Qc7 7. h3 Bh5 8. cxd5
Nxd5 9. Bd2 Nd7 10. Rc1 a6 11. Be2 Bd6 12. Nxd5 1-0

[Event "AUTO-ADV-2378"]
[Site "http://www.queenalice.com/game.php?id=1076728"]
[Date "2012.6.26"]
[Round "2"]
[White "Ernani"]
[Black "MestreAylton"]
[Result "0-1"]
[WhiteElo "1964"]
[BlackElo "2086"]

1. e4 c5 2. Nf3 Nc6 3. d4 cxd4 4. Nxd4 e5 5. Nxc6 dxc6 6. Qxd8+ Kxd8 7. Bc4 f6
8. Be3 b5 9. Bb3 Kc7 10. Nd2 a5 11. a4 Bb7 0-1

[Event "AUTO-ADV-2378"]
[Site "http://www.queenalice.com/game.php?id=1076731"]
[Date "2012.6.26"]
[Round "2"]
[White "Ernani"]
[Black "Paulsains"]
[Result "0-1"]
[WhiteElo "2011"]
[BlackElo "1954"]

1. e4 e5 2. Nf3 Nc6 3. d4 exd4 4. Nxd4 Nxd4 5. Qxd4 d6 6. Bc4 c5 7. Qd3 Be7 8.
Nc3 Nf6 9. Bg5 O-O 10. O-O-O Ng4 11. Bxe7 Qxe7 12. Qg3 Ne5 13. Be2 Be6 14. f4
Nc6 15. f5 Bd7 16. Qxd6 Qxd6 0-1

[Event "AUTO-ADV-2378"]
[Site "http://www.queenalice.com/game.php?id=1076732"]
[Date "2012.6.26"]
[Round "2"]
[White "Paulsains"]
[Black "Ernani"]
[Result "1-0"]
[WhiteElo "1972"]
[BlackElo "1993"]

1. e4 d5 2. exd5 Qxd5 3. Nc3 Qa5 4. Nf3 Bg4 5. Be2 c6 6. O-O Nf6 7. d3 e6 8. Bd2
Nbd7 9. h3 Bh5 10. Ne4 Qc7 11. Ng3 Bxf3 12. Bxf3 Bd6 13. Ne4 Nxe4 14. dxe4 O-O-O
15. c4 Rdg8 16. b4 h5 17. c5 1-0